000 00615nam a2200205Ii 4500
003 JO-AjNU
008 230605s9999||||xx |||||||||||||| ||und||
040 _aJO-AjNU
_bara
_erda
_cJO-AjNU
041 _aara
050 1 4 _aPJ7538.M8572 1994
100 3 _aالمومني، قاسم,
_eauthor
_923895
245 0 0 _aفصول في الشعر ونقده
250 _aط1
264 3 1 _aعمان: المؤلف،1994
300 _a369ص
336 _atext
_btxt
_2rdacontent
337 _aunmediated
_bn
_2rdamedia
338 _avolume
_bnc
_2rdacarrier
650 4 _aالشعر العربي - تاريخ ونقد
_923896
999 _aA8717
_c12285
_d12285